[Event "SRB-chT 1st League CS"]
[Site "Banja Vrujci"]
[Date "2022.10.07"]
[Round "9.4"]
[White "Ravic, Nenad"]
[Black "Ivanovic, Lazar"]
[Result "1-0"]
[WhiteElo "2216"]
[BlackElo "2067"]
[PlyCount "55"]
[EventDate "2022.10.01"]
[EventType "team-tourn"]
[EventRounds "11"]
[EventCountry "SRB"]
[SourceTitle "CBM 210 Extra"]
[Source "ChessBase"]
[SourceDate "2022.11.30"]
[SourceVersion "1"]
[SourceVersionDate "2022.11.30"]
[SourceQuality "1"]
[WhiteTeam "Kraljevo Sloga"]
[BlackTeam "Arandjelovac"]
[WhiteTeamCountry "SRB"]
[BlackTeamCountry "SRB"]

1. e4 c5 2. Nf3 g6 3. d4 cxd4 4. Nxd4 Bg7 5. Nc3 Nc6 6. Be3 Nf6 7. Bc4 0-0 8. Bb3 d6 9. f3 Bd7 10. Qd2 Rc8 11. h4 h5 12. 0-0-0 Ne5 13. Bh6 Nc4 14. Bxc4 Rxc4 15. Nde2 Qa5 16. Kb1 Rfc8 17. Bxg7 Kxg7 18. g4 b5 19. e5 Nxg4 20. fxg4 b4 21. Nd5 Rxc2 22. Qd4 R8c4 23. Qd3 Bxg4 24. Ne3 Bxe2 25. Nxc4 Qa6 26. Qxc2 Bxc4 27. b3 Be6 28. Qb2 1-0

[Event "Arandjelovac ASK-4 IM"]
[Site "Arandjelovac"]
[Date "2022.02.12"]
[Round "8"]
[White "Stankovic, Boris"]
[Black "Ivanovic, Lazar"]
[Result "1/2-1/2"]
[WhiteElo "2376"]
[BlackElo "2082"]
[PlyCount "107"]
[EventDate "2022.02.07"]
[EventType "swiss"]
[EventRounds "9"]
[EventCountry "SRB"]
[SourceTitle "CBM 206 Extra"]
[Source "ChessBase"]
[SourceDate "2022.03.31"]
[SourceVersion "1"]
[SourceVersionDate "2022.03.31"]
[SourceQuality "1"]

1. e4 c5 2. Nf3 g6 3. d4 cxd4 4. Nxd4 Bg7 5. c4 Nc6 6. Be3 Nf6 7. Nc3 Ng4 8. Qxg4 Nxd4 9. Qd1 e5 10. Bd3 d6 11. 0-0 0-0 12. Qd2 Be6 13. Rac1 Qa5 14. Rfd1 a6 15. b3 Rfc8 16. Ne2 Qxd2 17. Rxd2 b5 18. Kf1 bxc4 19. Bxc4 Bxc4 20. bxc4 Nxe2 21. Kxe2 Rc6 22. Rb2 Rac8 23. Kd3 f5 24. f3 R8c7 25. Rb6 Rxb6 26. Bxb6 Rb7 27. Rb1 Kf7 28. Rb3 Ke6 29. Be3 Rxb3+ 30. axb3 Kd7 31. Kc3 Bf6 32. Kb4 Bd8 33. Ka4 Kc6 34. b4 Kb7 35. b5 Bb6 36. Bd2 Bc5 37. Ba5 Ka7 38. Bd8 Bb6 39. Be7 Bc5 40. g4 f4 41. g5 Kb7 42. Bd8 Bb6 43. Bf6 Bc5 44. Be7 Ka7 45. Bf6 Kb7 46. bxa6+ Kxa6 47. Be7 Kb6 48. Bd8+ Ka6 49. Bc7 Kb7 50. Bd8 Ka6 51. Ba5 Bb6 52. Bb4 Bc5 53. Bc3 Bb6 54. Bb4 1/2-1/2

[Event "Arandjelovac ASK-4 IM"]
[Site "Arandjelovac"]
[Date "2022.02.11"]
[Round "7"]
[White "Ivanovic, Lazar"]
[Black "Zverev, Lev"]
[Result "0-1"]
[WhiteElo "2082"]
[BlackElo "2202"]
[PlyCount "60"]
[EventDate "2022.02.07"]
[EventType "swiss"]
[EventRounds "9"]
[EventCountry "SRB"]
[SourceTitle "CBM 206 Extra"]
[Source "ChessBase"]
[SourceDate "2022.03.31"]
[SourceVersion "1"]
[SourceVersionDate "2022.03.31"]
[SourceQuality "1"]

1. d4 Nf6 2. Nf3 d5 3. e3 e6 4. Bd3 Be7 5. 0-0 0-0 6. Nbd2 b6 7. e4 c5 8. e5 Nfd7 9. c3 Ba6 10. Bxa6 Nxa6 11. Qe2 Qc8 12. Ne1 cxd4 13. cxd4 Nb4 14. f4 Nc2 15. Nxc2 Qxc2 16. f5 exf5 17. Qf3 Rfd8 18. g4 f6 19. Qxd5+ Kh8 20. Qf7 Nxe5 21. Qxe7 Rxd4 22. h3 Rad8 23. Rxf5 Qd3 24. Nf1 Qxh3 25. Bf4 Qxg4+ 26. Ng3 Ng6 27. Qe2 Rxf4 28. Qxg4 Rxg4 29. Kh2 Rd2+ 30. Kh1 Rxg3 0-1

[Event "Arandjelovac ASK-4 IM"]
[Site "Arandjelovac"]
[Date "2022.02.07"]
[Round "1"]
[White "Heimisson, Hilmir Freyr"]
[Black "Ivanovic, Lazar"]
[Result "1-0"]
[WhiteElo "2312"]
[BlackElo "2082"]
[PlyCount "53"]
[EventDate "2022.02.07"]
[EventType "swiss"]
[EventRounds "9"]
[EventCountry "SRB"]
[SourceTitle "CBM 206 Extra"]
[Source "ChessBase"]
[SourceDate "2022.03.31"]
[SourceVersion "1"]
[SourceVersionDate "2022.03.31"]
[SourceQuality "1"]

1. e4 c5 2. Nf3 g6 3. d4 cxd4 4. Qxd4 Nf6 5. Nc3 Nc6 6. Qa4 Qc7 7. Bg5 Ng4 8. Nd5 Qb8 9. h3 Nge5 10. Nxe5 Nxe5 11. 0-0-0 h6 12. Be3 Bg7 13. Bb6 0-0 14. Bc7 b5 15. Qxb5 Qb7 16. Nxe7+ Kh7 17. Bxe5 Qxb5 18. Bxb5 Bxe5 19. Nxc8 Raxc8 20. Bxd7 Rc4 21. Rhe1 a5 22. c3 Ra8 23. Rd5 Bf4+ 24. Kc2 a4 25. a3 Rc7 26. Bb5 Rac8 27. Ba6 1-0

[Event "Arandjelovac ASK-1 FM"]
[Site "Arandjelovac"]
[Date "2021.11.10"]
[Round "3"]
[White "Ivanovic, Lazar"]
[Black "Grozdanovic, Anastasia"]
[Result "0-1"]
[WhiteElo "2121"]
[BlackElo "1983"]
[PlyCount "68"]
[EventDate "2021.11.08"]
[EventType "tourn"]
[EventRounds "5"]
[EventCountry "SRB"]
[SourceTitle "CBM 205 Extra"]
[Source "ChessBase"]
[SourceDate "2022.01.31"]
[SourceVersion "1"]
[SourceVersionDate "2022.01.31"]
[SourceQuality "1"]

1. d4 d5 2. c4 c6 3. Nf3 Nf6 4. Nc3 e6 5. e3 Nbd7 6. Bd3 dxc4 7. Bxc4 b5 8. Bd3 Bb7 9. 0-0 a6 10. Qe2 c5 11. Rd1 Qc7 12. e4 cxd4 13. Nxd4 Bc5 14. Be3 0-0 15. Rac1 Qb6 16. Bb1 Qa7 17. b4 Bb6 18. a4 e5 19. Nf5 Bxe3 20. Qxe3 Qxe3 21. Nxe3 bxa4 22. Nxa4 Rac8 23. f3 g6 24. Nc4 Rb8 25. Nc5 Bc8 26. Nxd7 Nxd7 27. Nd6 Nf6 28. Ba2 Bd7 29. Rb1 Be8 30. Nc4 Nd7 31. Rd6 Ra8 32. Rd5 Kg7 33. Rbd1 Nf6 34. Rxe5 Bb5 0-1

[Event "SRB-chT 1st League CS"]
[Site "Bajina Basta"]
[Date "2021.10.02"]
[Round "10.6"]
[White "Ivanovic, Lazar"]
[Black "Djakovac, Enes"]
[Result "1/2-1/2"]
[WhiteElo "2112"]
[BlackElo "2161"]
[PlyCount "20"]
[EventDate "2021.09.26"]
[EventType "team-tourn"]
[EventRounds "11"]
[EventCountry "SRB"]
[SourceTitle "EXT 2023"]
[Source "ChessBase"]
[SourceDate "2022.10.05"]
[SourceVersion "1"]
[SourceVersionDate "2022.10.05"]
[SourceQuality "1"]
[WhiteTeam "Arandjelovac"]
[BlackTeam "Kraljevo Sloga"]
[WhiteTeamCountry "SRB"]
[BlackTeamCountry "SRB"]

1. d4 Nf6 2. Nf3 d5 3. g3 e6 4. Bg2 c5 5. 0-0 Nc6 6. c3 Qb6 7. dxc5 Bxc5 8. Qb3 0-0 9. Nbd2 Bd7 10. Qxb6 Bxb6 1/2-1/2

[Event "SRB-chT 1st League CS"]
[Site "Bajina Basta"]
[Date "2021.10.01"]
[Round "8.6"]
[White "Ivanovic, Lazar"]
[Black "Dimitrijevic, Nenad"]
[Result "0-1"]
[WhiteElo "2112"]
[BlackElo "2168"]
[PlyCount "80"]
[EventDate "2021.09.26"]
[EventType "team-tourn"]
[EventRounds "11"]
[EventCountry "SRB"]
[SourceTitle "EXT 2023"]
[Source "ChessBase"]
[SourceDate "2022.10.05"]
[SourceVersion "1"]
[SourceVersionDate "2022.10.05"]
[SourceQuality "1"]
[WhiteTeam "Arandjelovac"]
[BlackTeam "Paracin OSK"]
[WhiteTeamCountry "SRB"]
[BlackTeamCountry "SRB"]

1. d4 Nf6 2. c4 d6 3. Nc3 g6 4. e4 Bg7 5. f3 0-0 6. Bg5 c5 7. d5 Re8 8. Qd2 a6 9. a4 e6 10. Nge2 exd5 11. Nxd5 Be6 12. Nec3 Nc6 13. Be2 Nd4 14. Rd1 Bxd5 15. Nxd5 h6 16. Nxf6+ Bxf6 17. Bxh6 b5 18. cxb5 axb5 19. Bxb5 Bh4+ 20. Kf1 Nxb5 21. axb5 Qb6 22. g3 Bf6 23. Qe2 Ra5 24. Bd2 Rxb5 25. Bc3 Bxc3 26. bxc3 Rb2 27. Rd2 Rxd2 28. Qxd2 Ra8 29. Kg2 Qb3 30. Qxd6 Ra2+ 31. Kh3 Qxc3 32. Qb8+ Kg7 33. Qf4 Qb2 34. e5 Qg2+ 35. Kg4 Ra6 36. Ra1 Qxh2 37. Qc1 Qh5+ 38. Kf4 Qf5+ 39. Ke3 Qxe5+ 40. Kf2 Rxa1 0-1

[Event "Arandjelovac IM 4th"]
[Site "Arandjelovac"]
[Date "2021.04.26"]
[Round "4"]
[White "Ivanovic, Lazar"]
[Black "Singh, Ojasva"]
[Result "0-1"]
[WhiteElo "2125"]
[BlackElo "1933"]
[PlyCount "84"]
[EventDate "2021.04.24"]
[EventType "tourn"]
[EventRounds "9"]
[EventCountry "SRB"]
[SourceTitle "EXT 2022"]
[Source "ChessBase"]
[SourceDate "2021.10.06"]
[SourceVersion "1"]
[SourceVersionDate "2021.10.06"]
[SourceQuality "1"]

1. d4 d5 2. c4 c6 3. Nc3 Nf6 4. Nf3 e6 5. cxd5 exd5 6. Qc2 g6 7. Bg5 Be7 8. e3 Bf5 9. Bd3 Bxd3 10. Qxd3 0-0 11. h4 Nbd7 12. h5 Nxh5 13. Rxh5 gxh5 14. Bh6 Re8 15. Qf5 Bf8 16. Ng5 Nf6 17. Bxf8 Kxf8 18. 0-0-0 Kg7 19. Rh1 Qd7 20. Qc2 Qg4 21. Nf3 Kf8 22. Nh4 Qg5 23. Ne2 Ke7 24. Nf4 Kd6 25. Nf3 Qg7 26. Ne5 Kc7 27. Qf5 Rad8 28. Rh3 Ne4 29. Nxf7 Rd7 30. Ne5 Rde7 31. Rxh5 Nxf2 32. Ne6+ Rxe6 33. Rxh7 Qxh7 34. Qxh7+ R8e7 35. Qh2 Kb6 36. g4 Ne4 37. Qf4 Rf6 38. Nc4+ dxc4 39. Qb8 Rf1+ 40. Kc2 Rf2+ 41. Kb1 Rh7 42. a4 Nc3+ 0-1

[Event "SRB-chT 1st League"]
[Site "Bajina Basta"]
[Date "2019.09.16"]
[Round "5.10"]
[White "Ivanovic, Lazar"]
[Black "Nestorovic, Dejan"]
[Result "1/2-1/2"]
[WhiteElo "2085"]
[BlackElo "2335"]
[PlyCount "97"]
[EventDate "2019.09.13"]
[EventType "team-tourn"]
[EventRounds "11"]
[EventCountry "SRB"]
[SourceTitle "CBM 195 Extra"]
[Source "ChessBase"]
[SourceDate "2020.05.31"]
[SourceVersion "1"]
[SourceVersionDate "2020.05.31"]
[SourceQuality "1"]
[WhiteTeam "Arandjelovac"]
[BlackTeam "Petrovac Sloga"]
[WhiteTeamCountry "SRB"]
[BlackTeamCountry "SRB"]

1. d4 Nf6 2. c4 e6 3. Nc3 Bb4 4. e3 0-0 5. Bd3 d5 6. Nge2 b6 7. 0-0 Bb7 8. Qc2 a6 9. Rd1 Bd6 10. Ng3 Nc6 11. Qe2 Re8 12. b3 g6 13. Bb2 Qe7 14. Rac1 dxc4 15. bxc4 e5 16. c5 bxc5 17. dxc5 Bxc5 18. Nce4 Bd6 19. Nxf6+ Qxf6 20. Ne4 Qe7 21. Nxd6 cxd6 22. Ba3 Red8 23. Be4 Na5 24. Bxb7 Nxb7 25. Rc6 Nc5 26. Bxc5 dxc5 27. Rxd8+ Rxd8 28. h3 Qd7 29. Rxc5 Qd1+ 30. Qxd1 Rxd1+ 31. Kh2 Rd2 32. Ra5 Rxf2 33. Rxa6 Re2 34. Ra3 h5 35. h4 Kg7 36. Kg3 e4 37. Kh3 Re1 38. Kg3 Re2 39. Kh3 Kf6 40. Kg3 Ke5 41. Kh3 f6 42. Kg3 Ke6 43. Ra4 f5 44. Ra6+ Kf7 45. Ra7+ Kf6 46. Ra6+ Kg7 47. Ra7+ Kh6 48. Ra3 Rd2 49. Kh2 1/2-1/2

[Event "Gligoric Cup 5th"]
[Site "Novi Sad"]
[Date "2018.11.06"]
[Round "3.3"]
[White "Ivanovic, Lazar"]
[Black "Labus, Vladislav"]
[Result "0-1"]
[WhiteElo "2117"]
[BlackElo "2058"]
[PlyCount "88"]
[EventDate "2018.11.04"]
[EventType "team-swiss"]
[EventRounds "5"]
[EventCountry "SRB"]
[SourceTitle "CBM 187 Extra"]
[Source "ChessBase"]
[SourceDate "2018.11.04"]
[SourceVersion "1"]
[SourceVersionDate "2018.11.04"]
[SourceQuality "1"]
[WhiteTeam "Arandelovac"]
[BlackTeam "Indija Sloga"]
[WhiteTeamCountry "SRB"]
[BlackTeamCountry "SRB"]

1. d4 f5 2. c4 Nf6 3. Nc3 e6 4. g3 d5 5. cxd5 exd5 6. Bg2 c6 7. Nh3 Bd6 8. 0-0 0-0 9. Bf4 Na6 10. e3 Nc7 11. Bxd6 Qxd6 12. Nf4 b6 13. Qc2 Ne6 14. Nd3 Ba6 15. Rfc1 Bxd3 16. Qxd3 Ne4 17. f3 N4g5 18. Rd1 Rf6 19. a4 Raf8 20. Rac1 Rh6 21. Ne2 Nh3+ 22. Bxh3 Rxh3 23. Kg2 Rh6 24. Qa6 Qd7 25. a5 g5 26. axb6 f4 27. bxa7 Nc7 28. Qd3 Qh3+ 29. Kf2 Qxh2+ 30. Ke1 fxg3 31. Kd2 g2 32. e4 Rh3 33. Qe3 Rhxf3 34. Qxg5+ Kh8 35. exd5 R3f5 36. Qg3 Qh6+ 37. Qe3 Qxe3+ 38. Kxe3 Nxd5+ 39. Kd2 Rf2 40. Re1 Re8 41. Ra1 g1Q 42. Rxg1 Rexe2+ 43. Kd3 Re3+ 44. Kc4 Rc2# 0-1

[Event "SRB-chT2 West"]
[Site "Arandjelovac"]
[Date "2018.10.07"]
[Round "11.2"]
[White "Ivanovic, Lazar"]
[Black "Ristic, Dejan D"]
[Result "1-0"]
[WhiteElo "2076"]
[BlackElo "1803"]
[PlyCount "49"]
[EventDate "2018.09.07"]
[EventType "team-tourn"]
[EventRounds "11"]
[EventCountry "SRB"]
[SourceTitle "EXT 2021"]
[Source "ChessBase"]
[SourceDate "2020.10.23"]
[SourceVersion "1"]
[SourceVersionDate "2020.10.23"]
[SourceQuality "1"]
[WhiteTeam "Arandjelovac"]
[BlackTeam "Krusevac"]
[WhiteTeamCountry "SRB"]
[BlackTeamCountry "SRB"]

1. d4 Nf6 2. c4 g6 3. Nc3 d5 4. cxd5 Nxd5 5. e4 Nxc3 6. bxc3 Bg7 7. Nf3 c5 8. Rb1 0-0 9. Be2 Nc6 10. d5 Bxc3+ 11. Bd2 Bxd2+ 12. Qxd2 Nb4 13. a3 Na6 14. h4 f5 15. h5 f4 16. hxg6 hxg6 17. Qc3 Rf6 18. e5 Rf5 19. e6 Rf6 20. Ne5 Qf8 21. Nxg6 Qg7 22. Rh8+ Qxh8 23. Nxh8 Kxh8 24. Bxa6 bxa6 25. Qxc5 1-0

[Event "SRB-chT2 West"]
[Site "Arandjelovac"]
[Date "2018.10.06"]
[Round "9.2"]
[White "Ivanovic, Lazar"]
[Black "Dzaferovic, Dzafer"]
[Result "1-0"]
[WhiteElo "2076"]
[BlackElo "1883"]
[PlyCount "95"]
[EventDate "2018.09.07"]
[EventType "team-tourn"]
[EventRounds "11"]
[EventCountry "SRB"]
[SourceTitle "EXT 2021"]
[Source "ChessBase"]
[SourceDate "2020.10.23"]
[SourceVersion "1"]
[SourceVersionDate "2020.10.23"]
[SourceQuality "1"]
[WhiteTeam "Arandjelovac"]
[BlackTeam "Tutin"]
[WhiteTeamCountry "SRB"]
[BlackTeamCountry "SRB"]

1. d4 d5 2. Nf3 Nf6 3. c4 c6 4. Nc3 e6 5. cxd5 exd5 6. Bg5 Be7 7. Qc2 Be6 8. e3 Nbd7 9. Bd3 h6 10. Bh4 Nh5 11. Bxe7 Qxe7 12. 0-0 0-0 13. b4 Nhf6 14. a4 Rac8 15. Qb2 Rfd8 16. Rfc1 Qd6 17. h3 Nf8 18. Ne5 N6d7 19. Ne2 f6 20. Nf3 g6 21. Nf4 Bf7 22. Bb1 g5 23. Nd3 Nb6 24. Nd2 Rc7 25. Nc5 Nbd7 26. Ndb3 b6 27. Nxd7 Qxd7 28. Bd3 Bg6 29. Be2 Qe7 30. b5 cxb5 31. Rxc7 Qxc7 32. axb5 Qc2 33. Qxc2 Bxc2 34. Nd2 Rd7 35. Rc1 Bf5 36. f3 Ne6 37. Rc6 Kf7 38. Kf2 Ke7 39. Nb3 Rc7 40. Rc1 Rxc1 41. Nxc1 Nc7 42. Na2 Be6 43. Nc3 Bd7 44. e4 dxe4 45. fxe4 Bc8 46. Ke3 a6 47. bxa6 Nxa6 48. Nd5+ 1-0

[Event "SRB-chT3 North CS"]
[Site "Serbia"]
[Date "2017.10.13"]
[Round "7.6"]
[White "Ivanovic, Lazar"]
[Black "Bajevic, Branko"]
[Result "1-0"]
[WhiteElo "2047"]
[BlackElo "2103"]
[PlyCount "53"]
[EventDate "2017.09.03"]
[EventType "team-tourn"]
[EventRounds "11"]
[EventCountry "SRB"]
[SourceTitle "EXT 2021"]
[Source "ChessBase"]
[SourceDate "2020.10.23"]
[SourceVersion "1"]
[SourceVersionDate "2020.10.23"]
[SourceQuality "1"]

1. d4 Nf6 2. c4 c5 3. d5 e6 4. Nc3 exd5 5. cxd5 d6 6. e4 g6 7. f4 Bg7 8. Bb5+ Nfd7 9. a4 0-0 10. Nf3 Nf6 11. e5 dxe5 12. fxe5 Ng4 13. Bg5 f6 14. exf6 Bxf6 15. Qd2 a6 16. Be2 Nd7 17. 0-0 Nde5 18. Bxf6 Nxf3+ 19. Bxf3 Nxf6 20. d6 Rb8 21. Rfe1 b5 22. axb5 axb5 23. Ra7 Bd7 24. Nd5 Be8 25. Ree7 Nd7 26. Qh6 Rf7 27. Raxd7 1-0

[Event "SRB-chT3 North CS"]
[Site "Serbia"]
[Date "2017.10.12"]
[Round "6.1"]
[White "Savic, Dragan"]
[Black "Ivanovic, Lazar"]
[Result "1/2-1/2"]
[WhiteElo "2056"]
[BlackElo "2047"]
[PlyCount "81"]
[EventDate "2017.09.03"]
[EventType "team-tourn"]
[EventRounds "11"]
[EventCountry "SRB"]
[SourceTitle "EXT 2021"]
[Source "ChessBase"]
[SourceDate "2020.10.23"]
[SourceVersion "1"]
[SourceVersionDate "2020.10.23"]
[SourceQuality "1"]

1. e4 c5 2. Nf3 g6 3. c3 Bg7 4. d4 cxd4 5. cxd4 d5 6. e5 Bg4 7. Bb5+ Nd7 8. 0-0 a6 9. Bd3 e6 10. h3 Bxf3 11. Qxf3 Ne7 12. Bg5 0-0 13. Qe3 Qe8 14. Nd2 Nc6 15. Rfe1 f6 16. exf6 Bxf6 17. Bxf6 Rxf6 18. Nf3 Qe7 19. Re2 Re8 20. Rae1 Qb4 21. a3 Qb6 22. h4 Ref8 23. Rd2 Rxf3 24. gxf3 Nxd4 25. Be2 e5 26. Qg5 Rf5 27. Qe7 Rf7 28. Qg5 Ne6 29. Qg3 Nf4 30. Bf1 Qe6 31. Qg4 Qc6 32. Qg3 Kg7 33. Bh3 Nf6 34. Bf1 Qc7 35. b4 N6h5 36. Qg4 Rf5 37. Bd3 Nf6 38. Qg3 Qc3 39. Red1 N6h5 40. Qg4 Nf6 41. Qg3 1/2-1/2

[Event "SRB-chT 1st League"]
[Site "Kragujevac"]
[Date "2016.09.14"]
[Round "6.6"]
[White "Ivanovic, Lazar"]
[Black "Gajic, Mladen"]
[Result "1-0"]
[WhiteElo "2017"]
[BlackElo "2346"]
[PlyCount "69"]
[EventDate "2016.09.10"]
[EventType "team-tourn"]
[EventRounds "11"]
[EventCountry "SRB"]
[SourceTitle "CBM 174 Extra"]
[Source "ChessBase"]
[SourceDate "2016.10.10"]
[SourceVersion "1"]
[SourceVersionDate "2016.10.10"]
[SourceQuality "1"]
[WhiteTeam "Arandjelovac"]
[BlackTeam "Paracin"]
[WhiteTeamCountry "SRB"]
[BlackTeamCountry "SRB"]

1. d4 Nf6 2. c4 c5 3. d5 e6 4. Nc3 exd5 5. cxd5 d6 6. e4 g6 7. f4 Bg7 8. Bb5+ Nfd7 9. a4 0-0 10. Nf3 Na6 11. 0-0 Nb4 12. Re1 a6 13. Bf1 Re8 14. Bd2 Nf6 15. h3 b6 16. Qb3 Ra7 17. Bc4 Rae7 18. e5 Nd7 19. Ne4 dxe5 20. d6 Re6 21. Bxe6 fxe6 22. Neg5 Nf8 23. Bxb4 cxb4 24. fxe5 a5 25. Rac1 Bb7 26. Rc7 Bd5 27. Qe3 Nd7 28. Qf4 Rf8 29. Qg4 Rf5 30. Rec1 Nc5 31. Qh4 h6 32. R1xc5 hxg5 33. Rxg7+ Kxg7 34. Rc7+ Rf7 35. Nxg5 1-0

[Event "SRB-chT 1st League"]
[Site "Kragujevac"]
[Date "2015.09.05"]
[Round "1.5"]
[White "Organdziev, Oliver"]
[Black "Ivanovic, Lazar"]
[Result "1-0"]
[WhiteElo "2307"]
[BlackElo "2017"]
[PlyCount "63"]
[EventDate "2015.09.05"]
[EventType "team-tourn"]
[EventRounds "11"]
[EventCountry "SRB"]
[SourceTitle "EXT 2016"]
[Source "ChessBase"]
[SourceDate "2015.10.08"]
[SourceVersion "1"]
[SourceVersionDate "2015.10.08"]
[SourceQuality "1"]
[WhiteTeam "Petrovac Sloga"]
[BlackTeam "Arandjelovac"]
[WhiteTeamCountry "SRB"]
[BlackTeamCountry "SRB"]

1. e4 c5 2. Nf3 g6 3. h4 Bg7 4. h5 Nc6 5. Bc4 Ne5 6. Nxe5 Bxe5 7. d3 b5 8. Bd5 Rb8 9. f4 Bg7 10. c3 Nf6 11. h6 Bf8 12. Bb3 d5 13. Qe2 Bg4 14. Qe3 dxe4 15. dxe4 c4 16. Bc2 Qd7 17. a4 b4 18. cxb4 Bh5 19. a5 Rd8 20. Rxh5 Qg4 21. Ba4+ Nd7 22. Rd5 Bxh6 23. Qf3 Qh4+ 24. Ke2 e5 25. Bxd7+ Rxd7 26. Rxd7 Kxd7 27. Qh3+ Qxh3 28. gxh3 exf4 29. Nc3 Ke6 30. b5 Rd8 31. Nd5 f5 32. Bxf4 1-0

[Event "SRB-chT2 West"]
[Site "Sabac"]
[Date "2014.09.26"]
[Round "3.4"]
[White "Ivanovic, Lazar"]
[Black "Musovic, Sabrija"]
[Result "1/2-1/2"]
[WhiteElo "1976"]
[BlackElo "2106"]
[PlyCount "58"]
[EventDate "2014.09.25"]
[EventType "team-swiss"]
[EventRounds "6"]
[EventCountry "SRB"]
[SourceTitle "EXT 2015"]
[Source "ChessBase"]
[SourceDate "2014.11.20"]
[SourceVersion "1"]
[SourceVersionDate "2014.11.20"]
[SourceQuality "1"]

1. d4 d5 2. e3 Nf6 3. Bd3 e6 4. Nd2 c5 5. b3 cxd4 6. exd4 Nc6 7. Bb2 g6 8. Ngf3 a6 9. a3 Bg7 10. 0-0 0-0 11. c4 b6 12. Qe2 Re8 13. Ne5 Bb7 14. Ndf3 Nxe5 15. Nxe5 Ne4 16. Rfd1 f6 17. Nf3 Nd6 18. Rac1 Qd7 19. h4 Ne4 20. Nd2 Bh6 21. Bxe4 dxe4 22. h5 f5 23. hxg6 hxg6 24. Rc3 Bg7 25. Rg3 Kf7 26. Qe3 Qe7 27. f3 Rh8 28. fxe4 Bh6 29. Qe2 Bxd2 1/2-1/2

[Event "SRB-chT2 West"]
[Site "Sabac"]
[Date "2014.09.25"]
[Round "1.7"]
[White "Marjanovic, Ivan D"]
[Black "Ivanovic, Lazar"]
[Result "1/2-1/2"]
[WhiteElo "1749"]
[BlackElo "1976"]
[PlyCount "111"]
[EventDate "2014.09.25"]
[EventType "team-swiss"]
[EventRounds "6"]
[EventCountry "SRB"]
[SourceTitle "EXT 2015"]
[Source "ChessBase"]
[SourceDate "2014.11.20"]
[SourceVersion "1"]
[SourceVersionDate "2014.11.20"]
[SourceQuality "1"]

1. e4 c5 2. c3 d5 3. exd5 Qxd5 4. d4 Nf6 5. Nf3 e6 6. Be2 Be7 7. 0-0 Nc6 8. Be3 cxd4 9. cxd4 0-0 10. a3 Rd8 11. Nc3 Qd6 12. Qd2 Nd5 13. Rfd1 Nxc3 14. bxc3 Qc7 15. Bf4 Bd6 16. Bxd6 Qxd6 17. Ng5 Qe7 18. Bf3 Na5 19. Rab1 h6 20. Ne4 Nc4 21. Qa2 Nd6 22. Nc5 Rb8 23. Na6 Ra8 24. Re1 Bd7 25. Bxb7 Nxb7 26. Rxb7 Qg5 27. Rbb1 Bc6 28. g3 Qh5 29. Nb4 Bf3 30. Nd3 Rac8 31. Qd2 Qa5 32. Ne5 Qxc3 33. Qf4 Bh5 34. Rec1 Qxa3 35. Rxc8 Rxc8 36. g4 Bg6 37. Nxg6 fxg6 38. Rb7 Qc1+ 39. Qxc1 Rxc1+ 40. Kg2 a5 41. Re7 Rd1 42. Rxe6 Rxd4 43. h3 Kf7 44. Ra6 Ra4 45. Ra7+ Kf6 46. Kf3 h5 47. Ra6+ Kf7 48. Ra7+ Kf6 49. Ra6+ Kg5 50. h4+ Kh6 51. g5+ Kh7 52. Ra8 Ra1 53. Kg2 a4 54. Kg3 a3 55. Kg2 a2 56. Kh2 1/2-1/2

[Event "Belgrade Trophy 27th"]
[Site "Obrenovac"]
[Date "2013.12.01"]
[Round "8"]
[White "Ivanovic, Lazar"]
[Black "Jovanovic, Sasa T"]
[Result "1/2-1/2"]
[WhiteElo "1947"]
[BlackElo "2271"]
[PlyCount "91"]
[EventDate "2013.11.24"]
[EventType "swiss"]
[EventRounds "9"]
[EventCountry "SRB"]
[SourceTitle "CBM 157 Extra"]
[Source "ChessBase"]
[SourceDate "2013.12.19"]
[SourceVersion "1"]
[SourceVersionDate "2013.12.19"]
[SourceQuality "1"]

1. d4 d6 2. c4 e5 3. Nf3 e4 4. Ng5 f5 5. h4 Nf6 6. Nc3 h6 7. Nh3 Be6 8. Nf4 Bf7 9. e3 c6 10. h5 Be7 11. Qb3 Qb6 12. Nce2 Qc7 13. Ng3 0-0 14. Nxf5 Qa5+ 15. Bd2 Qxf5 16. Qxb7 Nbd7 17. Qxc6 Rfc8 18. Qa6 Nxh5 19. g4 Qxg4 20. Be2 Qf5 21. Nxh5 Nb6 22. Ng3 Qd7 23. Rc1 d5 24. c5 Nc4 25. Bc3 Rc6 26. Qa4 Qc8 27. Qc2 a6 28. a4 Qc7 29. Nf5 Bg5 30. b3 Rf6 31. Nxh6+ gxh6 32. bxc4 Rf8 33. Bg4 Bxe3 34. fxe3 Qg3+ 35. Kd1 Qxg4+ 36. Qe2 Qd7 37. cxd5 Bxd5 38. c6 Qxc6 39. Ke1 Kh8 40. Bd2 Qxa4 41. Qh5 Bc4 42. Qe5 Qb5 43. Rxh6+ Kg7 44. Rxf6 Rxf6 45. Qc7+ Bf7 46. Qg3+ 1/2-1/2